000
00291nam a22001337a 4500
008
181012b xxu||||| |||| 00| 0 eng d
020
_a
9781416047759
041
_a
eng
080
_2
2nd
_a
610.73
100
_a
2
101
_a
INF
245
_a
NCLEX-RN Examination
_c
Resi
942
_2
udc
_c
BK
999
_c
49528
_d
49528